000 00338 a2200169 4500
001 165336
020 _a85-260-0958-3
040 _cMagnum
100 _aQueiros, Bartolomeu Campos
240 1 0 _aIndez
_lpor
245 1 0 _aIndez
300 _a95
362 0 _a2004
440 1 _aGlobal
697 _aLITERATURA JUVENIL
942 _cBK
999 _c165336
_d165336